Chelsea Buteurs - Statistiques

Statistiques générales
  • Ce quiz a été pris 59 fois
  • Le résultat moyen est 5 sur 25
Statistiques - réponses
Nb Buts Joueur Top % Correct
211 Frank Lampard 1
93%
164 Didier Drogba 2
67%
110 Eden Hazard 5
61%
45 Fernando Torres 23
48%
58 Diego Costa 17
39%
63 Willian 13
33%
67 John Terry 11
28%
43 Pedro 25
24%
59 Nicolas Anelka 15
20%
76 Gianfranco Zola 10
19%
45 Florent Malouda 24
13%
60 Salomon Kalou 14
9%
138 Peter Osgood 3
6%
65 Dennis Wise 12
4%
87 Jimmy Floyd Hasselbaink 6
4%
57 Jimmy Greaves 18
2%
77 Kerry Dixon 9
2%
57 Barry Bridges 19
0%
134 Bobby Tambling 4
0%
78 Eidur Gudjohnsen 8
0%
45 Gustavo Poyet 22
0%
48 Ian Hutchinson 21
0%
59 John Hollins 16
0%
86 Tommy Bladwin 7
0%
50 Tore Andre Flo 20
0%
Aucun quiz correspondant
Distribution des résultats
% des personnes avec chaque résultat
Percentile par nombre de réponses
Votre historique - résultats
Vous n’avez pas pris ce quiz